000 01057nam a2200229 a 4500
001 22747
003 CO-ViMGA
008 141112s2004 ck r 000 u spa d
020 _a9588235308
040 _aCO-ViMGA
_bspa
_cCO-ViMGA
082 0 4 _a323.42 S817p
100 1 _aSuárez Varón, Martín Leonardo
_932465
245 1 0 _aPrincipio de igualdad en la Constitución y la Jurisprudencia Constitucional
250 _a1a ed.
260 _aColombia :
_bBiblioteca Juridica Dike
300 _a165p.
505 _aEl principio de desigualda.antecedentes de su consagracion constitucional, La teoria del derecho de igualdad, La estructura de las normas relativas al derecho de igualda contenidas en la Constitucion Política de 1991, La competencia para determinar los criterios relevantes para establecer una igualdad y una desigualdad de tarto conforme a la constitucion,
650 1 4 _aCOLOMBIA - DERECHO CONSTITUCIONAL
_923519
650 1 4 _aIGUALDAD ANTE LA LEY - COLOMBIA
_922700
650 1 4 _aJURISPRUDENCIA - COLOMBIA
_932466
942 _2ddc
_cBK
999 _c31045
_d31045